000 00297nam a22001217a 4500
040 _cSY
082 _a577
100 _aអ៊ុក ស៊ីផាន
245 _aDipterocarpaceae, អំបូររុក្ខជាតិ
260 _aRUA
_bអ៊ុក
_c2000
300 _a71p.
942 _cMA
999 _c9350
_d9350